000 00450nam a2200181Ia 4500
001 9594
005 20260306161730.0
008 260306t2015||||xx |||||||||||||| ||spa||
041 _aESP
082 _a382.5
_bR78
100 _aRojas Villanueva, Javier
_eAUT
245 0 _aGuía para la primera importación de la Mypes 2015
260 _c2015
300 _a124 páginas :
_c30 cm.
650 _aGEN
654 _aCAN
942 _cLIB
_dJUS
_fJUS
_2ddc
_n
999 _c9594
_d9594